[Event "Mechanics' Winter TNM; 30/90, SD/30"]
[Site "San Francisco"]
[Date "2010.02.02"]
[Round "5.6"]
[White "Newey, Richard"]
[Black "Wong, Russell"]
[Result "0-1"]
[WhiteElo "1754"]
[BlackElo "2212"]
[PlyCount "38"]
[EventDate "2010.??.??"]

1. e4 Nf6 2. e5 Nd5 3. d4 d6 4. Nf3 Bg4 5. Be2 e6 6. O-O Be7 7. c4 Nb6 8. exd6
cxd6 9. b3 Nc6 10. Bb2 d5 11. Nbd2 O-O 12. cxd5 Nxd5 13. Rc1 a6 14. Ne4 Nf4 15.
Nc5 Qd5 16. Bc4 Qh5 17. Re1 Nxg2 18. Nxe6 Bxf3 19. Qd2 Nxe1 0-1

[Event "Mechanics' Winter TNM; 30/90, SD/30"]
[Site "San Francisco"]
[Date "2010.02.09"]
[Round "6.23"]
[White "Olson, David"]
[Black "Hilliard, Michael"]
[Result "0-1"]
[WhiteElo "1547"]
[BlackElo "1447"]
[PlyCount "68"]
[EventDate "2010.??.??"]

1. e4 c6 2. d4 d5 3. Bd3 dxe4 4. Bxe4 Nf6 5. Bf3 Bf5 6. Ne2 e6 7. Nbc3 Bd6 8.
Bf4 Na6 9. a3 Nc7 10. O-O O-O 11. Re1 Ncd5 12. Bg3 Qc7 13. Qd2 Rad8 14. Nxd5
cxd5 15. c3 Ne4 16. Bxd6 Qxd6 17. Qf4 g5 18. Qe5 f6 19. Qxd6 Rxd6 20. g4 Nd2
21. Bg2 Bxg4 22. h3 Nf3+ 23. Bxf3 Bxf3 24. Kh2 e5 25. Ng3 e4 26. Nf5 Rd7 27.
Rg1 h5 28. h4 Bg4 29. Nh6+ Kh8 30. Nxg4 hxg4 31. Rxg4 Rh7 32. Kg3 Rg8 33. Rh1
f5 34. Rxg5 Rxg5+ 0-1

[Event "Mechanics' Winter TNM; 30/90, SD/30"]
[Site "San Francisco"]
[Date "2010.02.02"]
[Round "5.23"]
[White "Olson, David"]
[Black "Morgan, Jerry"]
[Result "0-1"]
[WhiteElo "1547"]
[BlackElo "1441"]
[PlyCount "74"]
[EventDate "2010.??.??"]

1. e4 c6 2. d4 d5 3. Nc3 dxe4 4. Nxe4 Bf5 5. f3 e6 6. Be3 Nf6 7. Nxf6+ Qxf6 8.
Bc4 Nd7 9. Ne2 Nb6 10. Bb3 Bd6 11. Qd2 O-O 12. O-O Nd5 13. Bf2 Bg6 14. Bg3 Bxg3
15. Nxg3 Qf4 16. Rf2 Rfd8 17. c3 Rac8 18. Qe2 Kf8 19. Ne4 Qh4 20. g3 Qe7 21.
Re1 h5 22. f4 h4 23. Qg4 Bxe4 24. Rxe4 Nf6 25. Qxh4 Qc7 26. Qh8+ Ke7 27. Qh3
Nxe4 28. Re2 Rd6 29. Rxe4 Re8 30. f5 Kd8 31. fxe6 Qe7 32. exf7 Qxe4 33. fxe8=Q+
Qxe8 34. Qh4+ Rf6 35. Kg2 Qe2+ 36. Kh3 Qf1+ 37. Kg4 Qf5# 0-1

[Event "Mechanics' Winter TNM; 30/90, SD/30"]
[Site "San Francisco"]
[Date "2010.01.12"]
[Round "2.18"]
[White "Olson, David"]
[Black "Palmeri, Ralph"]
[Result "0-1"]
[WhiteElo "1547"]
[BlackElo "1718"]
[PlyCount "56"]
[EventDate "2010.??.??"]

1. d4 d5 2. c4 Nf6 3. f3 e6 4. e3 Nc6 5. Nh3 Be7 6. a3 O-O 7. Bd3 e5 8. dxe5
Nxe5 9. Nf2 dxc4 10. Be2 Qxd1+ 11. Nxd1 b5 12. O-O Bc5 13. Kh1 Rd8 14. Nbc3 c6
15. Nf2 Be6 16. e4 h6 17. h3 a5 18. g4 Nd3 19. Nxd3 cxd3 20. Bd1 d2 21. Bxd2
Rxd2 22. e5 Nd7 23. Ne4 Rxb2 24. Rc1 Bxa3 25. Rxc6 Nxe5 26. Rc7 Rd8 27. g5 hxg5
28. Nxg5 Rdd2 0-1

[Event "Mechanics' Winter TNM; 30/90, SD/30"]
[Site "San Francisco"]
[Date "2010.02.23"]
[Round "8.22"]
[White "Olson, David"]
[Black "Starr, Albert"]
[Result "1-0"]
[WhiteElo "1547"]
[BlackElo "1500"]
[PlyCount "77"]
[EventDate "2010.??.??"]

1. d4 f5 2. Nc3 d5 3. Bf4 c6 4. Nf3 Nf6 5. h3 e6 6. Qd3 Bd6 7. Ne5 O-O 8. O-O-O
Na6 9. a3 Nc7 10. f3 Qe7 11. g4 Nb5 12. Nb1 a5 13. gxf5 exf5 14. Rg1 Kh8 15. a4
Nc7 16. Bh2 g6 17. e3 Be6 18. Rd2 Na6 19. c3 c5 20. Rdg2 c4 21. Qc2 Nc7 22. h4
Nh5 23. Rg5 b5 24. Rxg6 Qxh4 25. Rh6 Qe1+ 26. Qd1 Qxe3+ 27. Qd2 Qxd2+ 28. Nxd2
Rf6 29. Rxh5 bxa4 30. Ng6+ Kg7 31. Bxd6 Rxg6 32. Rxg6+ hxg6 33. Be5+ Kg8 34.
Rh8+ Kf7 35. Rh7+ Kg8 36. Rxc7 Ra6 37. Rg7+ Kf8 38. Rxg6 Rb6 39. Bh3 1-0

[Event "Mechanics' Winter TNM; 30/90, SD/30"]
[Site "San Francisco"]
[Date "2010.02.02"]
[Round "5.18"]
[White "Palmeri, Ralph"]
[Black "Frank, Robert"]
[Result "1-0"]
[WhiteElo "1718"]
[BlackElo "1239"]
[PlyCount "47"]
[EventDate "2010.??.??"]

1. e4 e5 2. Nf3 Nc6 3. Bb5 a6 4. Ba4 d6 5. c3 Nf6 6. d3 Bd7 7. Nbd2 Be7 8. O-O
O-O 9. Re1 b5 10. Bc2 Ne8 11. Nf1 f5 12. exf5 Bxf5 13. Bb3+ Kh8 14. Ne3 Na5 15.
Nxf5 Rxf5 16. Bc2 Rf8 17. Be3 c5 18. d4 cxd4 19. cxd4 exd4 20. Nxd4 Nc7 21. Qh5
h6 22. Bxh6 gxh6 23. Qxh6+ Kg8 24. Qh7# 1-0

[Event "Mechanics' Winter TNM; 30/90, SD/30"]
[Site "San Francisco"]
[Date "2010.01.05"]
[Round "1.2"]
[White "Palmeri, Ralph"]
[Black "Jelinek, Jules"]
[Result "0-1"]
[WhiteElo "1718"]
[BlackElo "2131"]
[PlyCount "42"]
[EventDate "2010.??.??"]

1. e4 c5 2. Nc3 Nc6 3. Nf3 e5 4. Bc4 h6 5. O-O d6 6. h3 g5 7. Nd5 g4 8. hxg4
Bxg4 9. c3 Nf6 10. d3 Rg8 11. Kh1 a6 12. Qe2 Be7 13. Bb3 Nxd5 14. Bxd5 Qd7 15.
Kh2 Rg7 16. Qe3 O-O-O 17. Bd2 Rdg8 18. Rg1 Bg5 19. Nxg5 Rxg5 20. f3 Be6 21.
Rac1 Rh5# 0-1

[Event "Mechanics' Winter TNM; 30/90, SD/30"]
[Site "San Francisco"]
[Date "2010.02.23"]
[Round "8.18"]
[White "Palmeri, Ralph"]
[Black "Paramonov, Sergey"]
[Result "1-0"]
[WhiteElo "1718"]
[BlackElo "1536"]
[PlyCount "75"]
[EventDate "2010.??.??"]

1. e4 c5 2. Nc3 Nc6 3. Bc4 d6 4. d3 Nf6 5. Nf3 Bg4 6. h3 Bxf3 7. Qxf3 Ne5 8.
Bb5+ Nfd7 9. Qe2 a6 10. Ba4 e6 11. O-O Be7 12. f4 b5 13. Bb3 Nc6 14. f5 Nd4 15.
Qg4 Nxb3 16. axb3 O-O 17. Bh6 Bf6 18. fxe6 Ne5 19. exf7+ Rxf7 20. Qe6 gxh6 21.
Nd5 Bg5 22. Rf5 Qd7 23. Rxg5+ hxg5 24. Nf6+ Kg7 25. Nxd7 Rxd7 26. Qf5 h6 27.
Qf2 Rf8 28. Qe2 Ra7 29. c3 Nc6 30. Qe3 Raf7 31. d4 cxd4 32. cxd4 Nb4 33. Qg3
Rf4 34. Qc3 a5 35. e5 Nd5 36. Qc6 Rxd4 37. exd6 b4 38. Qc5 1-0

[Event "Mechanics' Winter TNM; 30/90, SD/30"]
[Site "San Francisco"]
[Date "2010.01.19"]
[Round "3.17"]
[White "Paramonov, Sergey"]
[Black "Kleiman, Charles"]
[Result "0-1"]
[WhiteElo "1536"]
[BlackElo "1737"]
[PlyCount "54"]
[EventDate "2010.??.??"]

1. d4 Nf6 2. c4 g6 3. Nc3 Bg7 4. Nf3 d5 5. e3 O-O 6. Bd3 dxc4 7. Bxc4 c5 8. O-O
cxd4 9. exd4 Qc7 10. Ne5 e6 11. Be3 a6 12. a4 Nc6 13. Bf4 Nxe5 14. Bb3 Nh5 15.
Bxe5 Bxe5 16. dxe5 Qxe5 17. Re1 Qc7 18. Rc1 Qd8 19. Qf3 Rb8 20. Ne4 Kg7 21.
Qc3+ f6 22. Nc5 e5 23. Rxe5 fxe5 24. Qxe5+ Qf6 25. Qxb8 Qxf2+ 26. Kh1 Qf1+ 27.
Rxf1 Rxf1# 0-1

[Event "Mechanics' Winter TNM; 30/90, SD/30"]
[Site "San Francisco"]
[Date "2010.02.09"]
[Round "6.9"]
[White "Paramonov, Sergey"]
[Black "Klinetobe, David"]
[Result "0-1"]
[WhiteElo "1536"]
[BlackElo "2043"]
[PlyCount "44"]
[EventDate "2010.??.??"]

1. d4 Nf6 2. c4 e6 3. Nc3 Bb4 4. Qc2 d5 5. e3 O-O 6. Nf3 b6 7. cxd5 exd5 8. Bd3
Re8 9. O-O Bb7 10. Ne5 Bd6 11. f4 c5 12. Rf3 Nc6 13. Rh3 h6 14. Rg3 cxd4 15.
Nxd5 Bxe5 16. Nxf6+ Bxf6 17. e4 Nb4 18. Qc4 Nxd3 19. Rxd3 Bxe4 20. Rd1 Rc8 21.
Qb4 Qd5 22. Qd2 Rc2 0-1

[Event "Mechanics' Winter TNM; 30/90, SD/30"]
[Site "San Francisco"]
[Date "2010.02.02"]
[Round "5.15"]
[White "Paramonov, Sergey"]
[Black "Litowsky, Daniel"]
[Result "1-0"]
[WhiteElo "1536"]
[BlackElo "1705"]
[PlyCount "84"]
[EventDate "2010.??.??"]

1. d4 d5 2. c4 c6 3. Nc3 Nf6 4. Nf3 Bf5 5. Bf4 Nbd7 6. e3 h6 7. c5 e6 8. Bd3
Ne4 9. Qc2 Ndf6 10. Be5 Be7 11. Bxf6 Bxf6 12. Nxe4 dxe4 13. Bxe4 Bxe4 14. Qxe4
O-O 15. O-O Qc7 16. Rab1 Rad8 17. Rfd1 Rd5 18. Rd2 Qa5 19. b4 Qa4 20. Qc2 Qxc2
21. Rxc2 a6 22. e4 Rd7 23. e5 Be7 24. Rd1 Rfd8 25. a4 f6 26. Rcd2 g5 27. g4 Rd5
28. Kf1 Kg7 29. Ke2 Kg6 30. Ke3 h5 31. Rg1 hxg4 32. Rxg4 f5 33. Rg1 Rh8 34. Rh1
Rh3 35. Ke2 g4 36. Rg1 Kf7 37. Ne1 Rxh2 38. Rd3 Bh4 39. Ng2 Bg5 40. Ne3 Bxe3
41. Kxe3 Rh4 42. Ke2 Kg6 1-0

[Event "Mechanics' Winter TNM; 30/90, SD/30"]
[Site "San Francisco"]
[Date "2010.01.05"]
[Round "2.12"]
[White "Paramonov, Sergey"]
[Black "Todortsev, Victor"]
[Result "1-0"]
[WhiteElo "1536"]
[BlackElo "1955"]
[PlyCount "54"]
[EventDate "2010.??.??"]

1. d4 Nf6 2. c4 e6 3. Nc3 d5 4. Nf3 Bb4 5. Bg5 c6 6. e3 Qa5 7. Bxf6 Bxc3+ 8.
bxc3 Qxc3+ 9. Nd2 gxf6 10. Be2 Nd7 11. O-O f5 12. cxd5 exd5 13. Rc1 Qa3 14. Qc2
Nf6 15. Bd3 Ne4 16. f3 Nxd2 17. Qxd2 Be6 18. e4 fxe4 19. fxe4 O-O-O 20. exd5
Bxd5 21. Bc4 Qd6 22. Qa5 Bxc4 23. Rxc4 Kb8 24. Rxf7 Rd7 25. Rxd7 Qxd7 26. Qe5+
Kc8 27. Qxh8+ Kc7 1-0

[Event "Mechanics' Winter TNM; 30/90, SD/30"]
[Site "San Francisco"]
[Date "2010.01.19"]
[Round "3.14"]
[White "Periwal, Prashant"]
[Black "Cohee, James"]
[Result "0-1"]
[WhiteElo "1839"]
[BlackElo "1640"]
[PlyCount "64"]
[EventDate "2010.??.??"]

1. e4 c5 2. Nf3 Nc6 3. d4 cxd4 4. Nxd4 g6 5. Bc4 Bg7 6. c3 Nf6 7. Qe2 O-O 8. e5
Ne8 9. f4 e6 10. Nd2 d6 11. N2f3 Bd7 12. b3 Nxd4 13. Nxd4 dxe5 14. Ba3 exd4 15.
Bxf8 Bxf8 16. cxd4 Bb4+ 17. Kf2 Qf6 18. Qe3 Nd6 19. Rhd1 Nf5 20. Qe5 Qh4+ 21.
Kg1 Bd6 22. Qe2 Qxf4 23. g3 Qg5 24. d5 Bc5+ 25. Kh1 Re8 26. Qd3 Ne3 27. Rd2 Qg4
28. b4 Qf3+ 29. Kg1 Nxc4+ 30. bxc5 Nxd2 31. Qxd2 exd5 32. Rf1 Re2 0-1

[Event "Mechanics' Winter TNM; 30/90, SD/30"]
[Site "San Francisco"]
[Date "2010.02.23"]
[Round "8.3"]
[White "Periwal, Prashant"]
[Black "Manvelyan, Hayk"]
[Result "1/2-1/2"]
[WhiteElo "1839"]
[BlackElo "2074"]
[PlyCount "98"]
[EventDate "2010.??.??"]

1. e4 d6 2. d4 g6 3. Nf3 Bg7 4. Bd2 Nf6 5. Bd3 O-O 6. Bc3 Nbd7 7. Nbd2 c5 8. a4
cxd4 9. Nxd4 e5 10. Nb5 Nc5 11. Qe2 a6 12. Na3 Nxa4 13. Bb4 Nxb2 14. Ndc4 Nxc4
15. Nxc4 Ne8 16. Ba5 Qg5 17. f3 Be6 18. Nb6 Rb8 19. O-O Bh6 20. Rfe1 Qe7 21.
Rad1 Nf6 22. Kh1 Nd7 23. Na4 b6 24. Bb4 b5 25. Nc3 Nc5 26. Ra1 Rfd8 27. Qf2
Rbc8 28. Ra5 Qb7 29. Rea1 Rc6 30. Ne2 Na4 31. Qh4 Rdc8 32. Qxh6 Qb6 33. Qd2 f6
34. c3 Kg7 35. Bc2 Nb2 36. Rxa6 Qxa6 37. Rxa6 Rxa6 38. h3 Ra1+ 39. Kh2 Nc4 40.
Qd3 Rca8 41. Bb3 R8a6 42. Kg3 f5 43. exf5 gxf5 44. f4 Kf6 45. Bxc4 Bxc4 46.
fxe5+ dxe5 47. Qd8+ Ke6 48. Qe7+ Kd5 49. Qc5+ Ke4 1/2-1/2

[Event "Mechanics' Winter TNM; 30/90, SD/30"]
[Site "San Francisco"]
[Date "2010.02.09"]
[Round "6.8"]
[White "Periwal, Prashant"]
[Black "Margulis, Igor"]
[Result "1-0"]
[WhiteElo "1839"]
[BlackElo "2128"]
[PlyCount "59"]
[EventDate "2010.??.??"]

1. e4 g6 2. d4 Bg7 3. Nf3 d6 4. Bg5 c5 5. c3 h6 6. Be3 Nd7 7. dxc5 Nxc5 8. Bxc5
dxc5 9. Qxd8+ Kxd8 10. Bc4 e6 11. Nbd2 Ne7 12. O-O-O Kc7 13. e5 Nc6 14. Rhe1
Rd8 15. Bb5 b6 16. Nc4 Rxd1+ 17. Rxd1 Bd7 18. Nd6 Rf8 19. a4 g5 20. h3 f6 21.
exf6 Rxf6 22. Nc4 Rf4 23. Rd3 h5 24. Bxc6 Bxc6 25. Nxg5 Bd5 26. Rxd5 exd5 27.
Ne6+ Kd7 28. Nxf4 Bh6 29. Ne5+ Kd6 30. Nf7+ 1-0

[Event "Mechanics' Winter TNM; 30/90, SD/30"]
[Site "San Francisco"]
[Date "2010.01.05"]
[Round "2.17"]
[White "Periwal, Prashant"]
[Black "Morgan, Jerry"]
[Result "1-0"]
[WhiteElo "1839"]
[BlackElo "1441"]
[PlyCount "31"]
[EventDate "2010.??.??"]

1. e4 c6 2. d4 d5 3. e5 c5 4. Nf3 Bg4 5. Bb5+ Nc6 6. dxc5 e6 7. b4 Qc7 8. Nbd2
Nge7 9. Bb2 Nf5 10. h3 Bxf3 11. Nxf3 Be7 12. O-O O-O 13. a3 a6 14. Bd3 Nh4 15.
Nxh4 Bxh4 16. Qh5 1-0

[Event "Mechanics' Winter TNM; 30/90, SD/30"]
[Site "San Francisco"]
[Date "2010.02.02"]
[Round "5.14"]
[White "Periwal, Prashant"]
[Black "Woebcke, Carl"]
[Result "1/2-1/2"]
[WhiteElo "1839"]
[BlackElo "1649"]
[PlyCount "91"]
[EventDate "2010.??.??"]

1. e4 c5 2. Nf3 d6 3. Nc3 a6 4. a4 Nc6 5. d4 cxd4 6. Nxd4 g6 7. Be3 Bg7 8. Ra3
Nf6 9. h3 O-O 10. g4 d5 11. Nxc6 bxc6 12. Bg2 Rb8 13. exd5 Nxd5 14. Nxd5 cxd5
15. Bxd5 Bxb2 16. Rb3 Rxb3 17. Bxb3 Qa5+ 18. Bd2 Bc3 19. Bxc3 Qxc3+ 20. Qd2
Qa1+ 21. Qd1 Qe5+ 22. Qe2 Qa1+ 23. Qd1 Qe5+ 24. Kf1 Bb7 25. Rg1 a5 26. Rg3 Qe4
27. Qd3 Qh1+ 28. Ke2 Rc8 29. Re3 Qc6 30. Kd2 Qc7 31. Kc1 Rd8 32. Qc4 Qxc4 33.
Bxc4 e6 34. Re5 Bd5 35. Bxd5 Rxd5 36. Rxd5 exd5 37. Kd2 Kf8 38. Kd3 Ke7 39. Kd4
Kd6 40. f4 f6 41. h4 h6 42. c3 Kc6 43. c4 dxc4 44. Kxc4 h5 45. gxh5 gxh5 46. f5
1/2-1/2

[Event "Mechanics' Winter TNM; 30/90, SD/30"]
[Site "San Francisco"]
[Date "2010.02.09"]
[Round "6.12"]
[White "Ramachandran, Jayakrishnan"]
[Black "Standen, Julian"]
[Result "1/2-1/2"]
[WhiteElo "1945"]
[BlackElo "1733"]
[PlyCount "108"]
[EventDate "2010.??.??"]

1. e4 c6 2. d4 d5 3. exd5 cxd5 4. Nf3 Nf6 5. Bd3 Bg4 6. h3 Bxf3 7. Qxf3 e6 8.
O-O Be7 9. c3 O-O 10. Bf4 Nc6 11. Nd2 a6 12. Qe2 Re8 13. Rfe1 Bd6 14. Be5 Be7
15. Bh2 Bd6 16. Be5 Be7 17. Nf3 Nxe5 18. Nxe5 Nd7 19. g3 Nxe5 20. dxe5 Bc5 21.
Rad1 Qc7 22. Kg2 Red8 23. f4 g6 24. Qf3 Re8 25. g4 Rad8 26. h4 Be7 27. Rh1 f5
28. g5 Kg7 29. h5 Rh8 30. Rh2 Qc6 31. Rdh1 d4 32. Qxc6 bxc6 33. c4 c5 34. Kf3
Rb8 35. hxg6 hxg6 36. Rxh8 Rxh8 37. Rxh8 Kxh8 38. Bc2 Bd8 39. Ba4 Kg7 40. Bd7
Kf7 41. Bc8 Ba5 42. Ke2 Ke7 43. Bxa6 Kd7 44. Bb5+ Ke7 45. Bc6 Kd8 46. a3 Ke7
47. Kd3 Be1 48. Ke2 Ba5 49. Bb5 Kd8 50. Ba6 Ke7 51. Bb5 Kd8 52. Ba4 Ke7 53. Kd3
Be1 54. Bc6 Kd8 1/2-1/2

[Event "Mechanics' Winter TNM; 30/90, SD/30"]
[Site "San Francisco"]
[Date "2010.01.12"]
[Round "2.12"]
[White "Ramachandran, Jayakrishnan"]
[Black "Yamamoto, Craig"]
[Result "1-0"]
[WhiteElo "1945"]
[BlackElo "1651"]
[PlyCount "65"]
[EventDate "2010.??.??"]

1. e4 g6 2. Nf3 b6 3. Bc4 e6 4. O-O Bb7 5. Nc3 Bg7 6. d4 Ne7 7. Re1 O-O 8. Bf4
d5 9. exd5 Nxd5 10. Nxd5 Bxd5 11. Bxd5 exd5 12. Qd2 Nd7 13. Re2 Nf6 14. Bg5 Re8
15. Ne5 Re6 16. Rae1 Qe8 17. Bxf6 Bxf6 18. Ng4 Bg7 19. Rxe6 fxe6 20. Qe3 Kf8
21. c3 h5 22. Ne5 Rd8 23. Qg5 Bxe5 24. Qxe5 Rd6 25. Re3 Kg8 26. h3 Qf7 27. Rf3
Qe7 28. Rf6 Kh7 29. g4 hxg4 30. hxg4 c5 31. g5 cxd4 32. Qh2+ Kg8 33. Qh6 1-0

[Event "Mechanics' Winter TNM; 30/90, SD/30"]
[Site "San Francisco"]
[Date "2010.01.05"]
[Round "2.19"]
[White "Salvo, Tab"]
[Black "Frank, Robert"]
[Result "1/2-1/2"]
[WhiteElo "1744"]
[BlackElo "1239"]
[PlyCount "126"]
[EventDate "2010.??.??"]

1. Nf3 Nf6 2. g3 g6 3. Bg2 Bg7 4. c4 c5 5. Nc3 Nc6 6. e4 d6 7. O-O Bg4 8. h3
Bd7 9. d3 O-O 10. Be3 e5 11. Kh2 a5 12. Qd2 Nd4 13. Bh6 a4 14. Nxd4 cxd4 15.
Ne2 b5 16. Bxg7 Kxg7 17. Rac1 Rc8 18. b3 axb3 19. axb3 Ra8 20. Ra1 Qb6 21. Rfb1
Rxa1 22. Rxa1 bxc4 23. bxc4 h5 24. Ra2 Rb8 25. Qc2 Qb3 26. Qxb3 Rxb3 27. Rd2
Ng8 28. Bf1 f5 29. f3 fxe4 30. fxe4 g5 31. Kg2 Nh6 32. Kf2 Nf7 33. Ng1 Rc3 34.
Rb2 Ba4 35. Nf3 Rc2+ 36. Rxc2 Bxc2 37. Ne1 Bd1 38. Be2 Bxe2 39. Kxe2 g4 40. h4
Kf6 41. Kd2 Ke6 42. Kc2 Kf6 43. Kb3 Ke6 44. Kb4 Kd7 45. Kb5 Ke6 46. Kc6 Nd8+
47. Kc7 Ke7 48. Kb6 Ne6 49. Kc6 Nc5 50. Kc7 Ne6+ 51. Kc6 Nc5 52. Kc7 Ne6+ 53.
Kc8 Nc5 54. Kc7 Ne6+ 55. Kc6 Nc5 56. Kb5 Ne6 57. Nc2 Nc5 58. Nb4 Kd7 59. Kb6
Na4+ 60. Kb7 Nc3 61. Nd5 Ke6 62. Nc7+ Kd7 63. Nd5 Ke6 1/2-1/2

[Event "Mechanics' Winter TNM; 30/90, SD/30"]
[Site "San Francisco"]
[Date "2010.02.09"]
[Round "6.16"]
[White "Salvo, Tab"]
[Black "Mar, Henry"]
[Result "0-1"]
[WhiteElo "1744"]
[BlackElo "1500"]
[PlyCount "68"]
[EventDate "2010.??.??"]

1. Nf3 Nf6 2. c4 g6 3. g3 Bg7 4. Bg2 O-O 5. O-O d6 6. Nc3 Nbd7 7. d3 e5 8. e4
Nc5 9. h3 Be6 10. Be3 c6 11. Bxc5 dxc5 12. Nxe5 Nd7 13. Nxd7 Qxd7 14. Kh2 f5
15. Qe2 f4 16. g4 Be5 17. f3 Rad8 18. Rad1 Kg7 19. Rh1 Qd4 20. Bf1 Rh8 21. Kg2
h5 22. Qf2 hxg4 23. Qxd4 gxf3+ 24. Kxf3 Rxd4 25. Ne2 Rdd8 26. b3 Rh4 27. Ng1
Bg4+ 28. hxg4 Rxh1 29. Bg2 Rxg1 30. Rxg1 Rxd3+ 31. Ke2 Re3+ 32. Kd2 Rg3 33. Ke2
Bd4 (33... f3+ 34. Kf1 (34. Bxf3 Rxg1) 34... fxg2+) 34. Kf1 Bxg1 0-1

[Event "Mechanics' Winter TNM; 30/90, SD/30"]
[Site "San Francisco"]
[Date "2010.01.26"]
[Round "4.18"]
[White "Salvo, Tab"]
[Black "Paramonov, Sergey"]
[Result "0-1"]
[WhiteElo "1744"]
[BlackElo "1536"]
[PlyCount "86"]
[EventDate "2010.??.??"]

1. Nf3 d5 2. c4 c6 3. b3 Nf6 4. g3 Nbd7 5. Bb2 e6 6. Bg2 Be7 7. O-O O-O 8. d3
c5 9. e3 Qc7 10. Nc3 a6 11. Re1 Rb8 12. Rc1 b5 13. cxb5 axb5 14. Ne2 Qa7 15.
Ra1 c4 16. Nfd4 Qb6 17. Nc3 Ba6 18. dxc4 bxc4 19. Na4 Qc7 20. Qc2 Ne5 21. Red1
Rfc8 22. Rac1 Rb7 23. Qb1 Qd8 24. Nxe6 fxe6 25. Bxe5 Ng4 26. Bc3 Bf6 27. h3 Bb5
28. Nb2 Bxc3 29. Rxc3 Nxf2 30. Rd2 Nd3 31. Nxd3 cxd3 32. Rxc8 Qxc8 33. Bf1 Rc7
34. Rd1 Rc2 35. Bg2 d2 36. Bf3 Rc1 37. Qb2 Rxd1+ 38. Bxd1 Qc1 39. Qc2 Be2 40.
Kf2 Bxd1 41. Qd3 Bh5 42. Qa6 Qe1+ 43. Kg2 Qe2+ 0-1

[Event "Mechanics' Winter TNM; 30/90, SD/30"]
[Site "San Francisco"]
[Date "2010.02.23"]
[Round "8.1"]
[White "Sandberg, Evan"]
[Black "Argishti, Dante"]
[Result "1-0"]
[WhiteElo "2119"]
[BlackElo "2026"]
[PlyCount "99"]
[EventDate "2010.??.??"]

1. e4 e6 2. d4 d5 3. Nc3 Bb4 4. e5 Qd7 5. a3 Bf8 6. f4 Nc6 7. Nf3 b6 8. Bd3 Bb7
9. O-O g6 10. Be3 Nge7 11. Qd2 Nf5 12. g4 Nxe3 13. Qxe3 O-O-O 14. b4 Kb8 15.
Bb5 a6 16. Ba4 Qe7 17. Qd3 Na7 18. Bb3 Bg7 19. Na2 f6 20. exf6 Bxf6 21. Qe3 Nc6
22. c3 Qd6 23. Ne5 Rhf8 24. Rae1 Bc8 25. Nc1 Bxe5 26. fxe5 Qe7 27. Ba4 b5 28.
Bd1 Qh4 29. Nd3 Ne7 30. Qg3 Qh6 31. Rf6 Ng8 32. g5 Qg7 33. Rxf8 Rxf8 34. Rf1
Ne7 35. Rxf8 Qxf8 36. Qf4 Nf5 37. Bg4 Qe8 38. Bxf5 exf5 39. Nc5 Ka7 40. e6 Qe7
41. h4 Kb6 42. Qe5 Kc6 43. Qf6 Kd6 44. Qe5+ Kc6 45. Kg2 Kb6 46. Qf6 Qe8 47. e7+
Ka7 48. Qf8 Bd7 49. Nxd7 Qxd7 50. e8=Q 1-0

[Event "Mechanics' Winter TNM; 30/90, SD/30"]
[Site "San Francisco"]
[Date "2010.01.19"]
[Round "3.7"]
[White "Sandberg, Evan"]
[Black "Askin, David"]
[Result "1-0"]
[WhiteElo "2119"]
[BlackElo "1749"]
[PlyCount "43"]
[EventDate "2010.??.??"]

1. e4 c6 2. d4 d5 3. f3 e6 4. Nc3 Nf6 5. Bg5 Be7 6. Qd2 b6 7. e5 Nfd7 8. Bxe7
Qxe7 9. f4 Ba6 10. Nf3 Bxf1 11. Rxf1 Na6 12. Qd3 Nc7 13. O-O-O a5 14. f5 a4 15.
Kb1 b5 16. f6 gxf6 17. exf6 Qf8 18. Ne5 Nxe5 19. dxe5 Qc5 20. Ne4 Qb6 21. Nd6+
Kd7 22. Nxf7 1-0

[Event "Mechanics' Winter TNM; 30/90, SD/30"]
[Site "San Francisco"]
[Date "2010.02.02"]
[Round "5.8"]
[White "Sandberg, Evan"]
[Black "Ramachandran, Jayakrishnan"]
[Result "1-0"]
[WhiteElo "2119"]
[BlackElo "1945"]
[PlyCount "37"]
[EventDate "2010.??.??"]

1. e4 e5 2. Nf3 Nc6 3. Bb5 a6 4. Ba4 Nf6 5. d4 Nxe4 6. Qe2 f5 7. d5 Qe7 8. dxc6
Qb4+ 9. Nc3 Nxc3 10. cxd7+ Bxd7 11. Qxe5+ Be7 12. Bxd7+ Kxd7 13. Qxc3 Qe4+ 14.
Be3 Bb4 15. O-O-O+ Bd6 16. Qxg7+ Kc6 17. Nd4+ Kb6 18. Nb3+ Kb5 19. Qd7+ 1-0

[Event "Mechanics' Winter TNM; 30/90, SD/30"]
[Site "San Francisco"]
[Date "2010.02.23"]
[Round "8.5"]
[White "Sanguinetti, George"]
[Black "Jones, James"]
[Result "1/2-1/2"]
[WhiteElo "1980"]
[BlackElo "2075"]
[PlyCount "72"]
[EventDate "2010.??.??"]

1. c4 g6 2. g3 Bg7 3. f4 c5 4. Nc3 Nc6 5. Nh3 e6 6. Bg2 Nge7 7. O-O O-O 8. e4
d5 9. cxd5 exd5 10. e5 f6 11. exf6 Bxf6 12. Nf2 Be6 13. Re1 Qd7 14. b3 Bd4 15.
Bb2 Bg4 16. Bf3 Bh3 17. Rb1 Bf5 18. d3 Nb4 19. Be2 c4 20. bxc4 dxc4 21. Nce4
Nxd3 22. Bxd3 cxd3 23. Qb3+ Be6 24. Qxd3 Nc6 25. Bxd4 Qxd4 26. Rxb7 Qxd3 27.
Nxd3 Bxa2 28. Rc1 Bd5 29. Nef2 Nd4 30. Re7 Nf3+ 31. Kg2 a5 32. Kh3 Rf7 33. Rxf7
Kxf7 34. Rc7+ Kg8 35. Nc5 a4 36. Ng4 Ng1+ 1/2-1/2

[Event "Mechanics' Winter TNM; 30/90, SD/30"]
[Site "San Francisco"]
[Date "2010.02.02"]
[Round "5.5"]
[White "Sanguinetti, George"]
[Black "Kleiman, Charles"]
[Result "0-1"]
[WhiteElo "1980"]
[BlackElo "1737"]
[PlyCount "77"]
[EventDate "2010.??.??"]

1. c4 d5 2. cxd5 Nf6 3. d4 Nxd5 4. e4 Nb6 5. Nc3 e6 6. Be2 c5 7. d5 exd5 8.
exd5 N8d7 9. Bf3 Nf6 10. Nge2 a6 11. O-O Bd6 12. Bg5 h6 13. Bh4 g5 14. Bg3 Bf5
15. Re1 O-O 16. Bxd6 Qxd6 17. Ng3 Bg6 18. Nge4 Nxe4 19. Nxe4 Bxe4 20. Bxe4 Rad8
21. Qh5 Kg7 22. Rad1 Nd7 23. Qf3 b5 24. Qf5 Nf6 25. Bc2 Rfe8 26. Rxe8 Rxe8 27.
g3 Re5 28. Qc8 Rxd5 29. Rxd5 Nxd5 30. Be4 Nf6 31. Bc6 Qd1+ 32. Kg2 Qa4 33. a3
c4 34. Bb7 Qb3 35. Bxa6 Qxb2 36. a4 c3 37. Bxb5 c2 38. Qc7 c1=Q 39. Bc4 0-1

[Event "Mechanics' Winter TNM; 30/90, SD/30"]
[Site "San Francisco"]
[Date "2010.01.19"]
[Round "3.11"]
[White "Sanguinetti, George"]
[Black "Macintyre, Brendan"]
[Result "1-0"]
[WhiteElo "1980"]
[BlackElo "1681"]
[PlyCount "83"]
[EventDate "2010.??.??"]

1. d4 d5 2. c4 e6 3. Nc3 Nf6 4. Bg5 c5 5. cxd5 exd5 6. Nf3 Nc6 7. Bxf6 Qxf6 8.
Nxd5 Qd6 9. dxc5 Qd7 10. e4 Bxc5 11. Bb5 O-O 12. O-O Qd6 13. Rc1 Ne7 14. Bc4
Bg4 15. h3 Bh5 16. a3 Nxd5 17. Bxd5 Bxf3 18. Qxf3 Bb6 19. Bxb7 Rad8 20. Rfd1
Qe5 21. b4 Qb2 22. Bd5 g6 23. Rc3 Bxf2+ 24. Kh1 Bh4 25. Rc7 Qf6 26. Qxf6 Bxf6
27. Rxa7 Be5 28. Rxf7 Rfe8 29. Rdf1 Kh8 30. g4 Rc8 31. g5 Bg3 32. Rb7 Rf8 33.
Rxf8+ Rxf8 34. Ra7 Rb8 35. Ra8 Kg7 36. Rxb8 Bxb8 37. Kg2 h6 38. gxh6+ Kxh6 39.
a4 Kg7 40. a5 Kf6 41. b5 Ke5 42. b6 1-0

[Event "Mechanics' Winter TNM; 30/90, SD/30"]
[Site "San Francisco"]
[Date "2010.01.05"]
[Round "2.11"]
[White "Sanguinetti, George"]
[Black "Olson, David"]
[Result "1-0"]
[WhiteElo "1980"]
[BlackElo "1547"]
[PlyCount "71"]
[EventDate "2010.??.??"]

1. f4 c5 2. g3 Nf6 3. Nh3 e6 4. Bg2 d5 5. Nf2 Be7 6. O-O O-O 7. d3 Nc6 8. c3
Qc7 9. e4 Rd8 10. Qc2 d4 11. c4 b6 12. Nd2 Bb7 13. Nf3 Rd7 14. Qe2 Re8 15. Bd2
Kh8 16. a3 a5 17. Rae1 h6 18. g4 Nh7 19. h4 f6 20. Nh3 e5 21. f5 Qd8 22. Kf2
Rg8 23. h5 Qe8 24. Nh4 Ng5 25. Rh1 Kh7 26. Ng6 Bd6 27. Bxg5 fxg5 28. Rh2 Ba6
29. Reh1 b5 30. Nxg5+ hxg5 31. Qd2 Be7 32. h6 gxh6 33. Rxh6+ Kg7 34. Rh7+ Kf6
35. R1h6 Rxg6 36. fxg6 1-0